000 01617nam a2200445 c 4500
999 _c49734
_d49734
001 49734
003 ES-MaCES
005 20170725100447.0
008 170720s2016 sp 000 | spa d
017 _aM 43189-2016
_bDL
020 _a9788491231905
040 _aES-MaCES
_bspa
_cES-MaCES
041 0 _aspa
_afre
_aeng
245 0 3 _aLa europeización del Derecho privado
_b: cuestiones actuales
_cEsther Arroyo Amayuelas, Ángel Serrano de Nicolás (dirs.)
260 _aMadrid [etc.]
_aBarcelona
_bMarcial Pons
_c2016
300 _a146 p.
_c24 cm
500 _aTextos en español, francés e inglés
500 _aEn la port.: Cátedra Jean Monnet de Derecho Privado Europeo de la Universidad de Barcelona ; Colegio Notarial de Cataluña
504 _aBibliografía: p. 351-358
541 _cCompra
650 4 _acontrato
_929505
650 4 _aelaboración electrónica de datos
_928879
650 4 _acrédito
_928107
650 4 _ahipoteca
_928116
650 4 _acomerciante
_928456
650 4 _aderecho comunitario
_929866
650 4 _aDirectiva de la CE
_929873
650 4 _aUE
_926752
650 4 _acampo de aplicación
_930263
650 4 _aEspaña
_926964
650 4 _apaís de la UE
_929020
650 4 _arégimen jurídico
_929894
653 1 0 _aDerecho comunitario
700 1 _938425
_aArroyo Amayuelas, Esther
_edir.
700 1 _923911
_aSerrano de Nicolás, Ángel
_edir.
710 2 _938426
_aUniversidad de Barcelona
_bCátedra Jean Monnet de Derecho Privado Europeo
710 2 _91995
_aColegio Notarial de Cataluña
902 _aLIB Libro
942 _2CES
_cBK
_h6.0.5.